Statistiques concernant L'année 2021 en sport

Cliquez ici pour prendre le quiz!

Statistiques générales

  • Ce quiz a été pris 453 fois
  • Le résultat moyen est 10 sur 15

Statistiques - réponses

HintRéponse% Correct
Nation éliminant l'équipe de France en quart de finale de l'Euro de footballSuisse
96%
Ville hôte des jeux olympiquesTokyo
88%
Rugbyman français, élu meilleur joueur du monde cette année-làAntoine Dupont
84%
Footballeur italo-brésilien de Chelsea, finissant 3ème du ballon d'orJorginho
84%
Joueur né en 2000, meilleur buteur de la ligue des champions 2020-2021Erling Braut Haaland
81%
Sport collectif dans lequel les hommes et les femmes obtiennent la médaille d'or olympique pour l'équipe de FranceHandball
81%
Pilote devenant le premier français champion du monde de moto GPFabio Quartararo
73%
Sport exercé par Simone Biles, qui stoppe les jeux olympiques de Tokyo en pleine compétition pour se concentrer sur sa santé mentaleGymnastique artistique
72%
Nom de la franchise de Milwaukee remportant le titre NBABucks
68%
Cycliste néerlandais aux initiales M.V.D.P, petit fils de Raymond Poulidor, remportant une étape sur le tour de FranceMathieu Van Der Poel
65%
Nationalité de Marcell Jacobs, vainqueur olympique du 100 mètresItalienne
58%
Skieur français remportant la coupe du monde de ski alpinAlexis Pinturault
56%
Lieu du dernier grand prix lors duquel Max Verstappen devient champion du monde de formule 1Abu Dhabi
55%
Entraineur du club Qatari Al-Sadd SC, champion national de football 2020-2021Xavi Hernandez
41%
Pays d'origine de Kateřina Siniaková, remportant Rolland GarrosRépublique tchèque
40%

Distribution des résultats

Percentile par nombre de réponses

% des personnes avec chaque résultat

Votre développement - résultats

Vous n’avez pas pris ce quiz